| 000 | 00000nam 2200000zi 4500 |
| 001 | 9.922148 |
| 003 | CaOODSP |
| 005 | 20231219141908 |
| 006 | m o d f |
| 007 | cr bn||||||||| |
| 008 | 230502s2023 onc ol f000 0 eng d |
| 040 | |aCaOODSP|beng|erda|cCaOODSP |
| 041 | 0 |aeng|afre |
| 043 | |an-cn--- |
| 086 | 1 |aYX4-2023/8-PDF |
| 110 | 1 |aCanada.|eenacting jurisdiction. |
| 240 | 10|aOnline Streaming Act |
| 245 | 13|aAn Act to amend the Broadcasting Act and to make related and consequential amendments to other Acts = |bLoi modifiant la Loi sur la radiodiffusion et apportant des modifications connexes et corrélatives à d'autres lois. |
| 246 | 31|aLoi modifiant la Loi sur la radiodiffusion et apportant des modifications connexes et corrélatives à d'autres lois |
| 264 | 1|a[Ottawa] : |b[House of Commons of Canada], |c2023. |
| 300 | |a1 online resource (iii, 51 pages). |
| 336 | |atext|btxt|2rdacontent |
| 337 | |acomputer|bc|2rdamedia |
| 338 | |aonline resource|bcr|2rdacarrier |
| 490 | 1 |aStatutes of Canada ..., chapter ... ; |vStatutes of Canada 2023, chapter 8, 1st Session, 44th Parliament |
| 500 | |a"First Session, Forty-fourth Parliament, 70-71 Elizabeth II - 1 Charles III, 2021-2022-2023." |
| 500 | |a"Assented to April 27, 2023, Bill C-11." |
| 546 | |aText in English and French. |
| 610 | 10|aCanada. |tBroadcasting Act. |
| 650 | 0|aBroadcasting|xLaw and legislation|zCanada. |
| 650 | 0|aInternet industry|xLaw and legislation|zCanada. |
| 655 | 7|aStatutes and codes|2lcgft |
| 710 | 1 |aCanada. |bParliament. |bHouse of Commons, |eissuing body. |
| 792 | |tAn Act to amend the Broadcasting Act and to make related and consequential amendments to other Acts = |efre|w(CaOODSP)9.922151 |
| 830 | #0|aStatutes of Canada ..., chapter ...|vStatutes of Canada 2023, chapter 8, 1st Session, 44th Parliament.|w(CaOODSP)9.500677 |
| 856 | 40|qPDF|s564 KB|uhttps://publications.gc.ca/collections/collection_2023/lois-statutes/YX4-2023-8.pdf |
| 856 | 4 |qHTML|sN/A|uhttps://www.parl.ca/DocumentViewer/en/44-1/bill/C-11/royal-assent?col=2 |